Janmadhyam kanoon avam utardaitva (Record no. 123876)

MARC details
000 -LEADER
fixed length control field 00376nam a2200145Ia 4500
008 - FIXED-LENGTH DATA ELEMENTS--GENERAL INFORMATION
fixed length control field 230917s9999||||xx |||||||||||||| ||und||
040 ## - CATALOGING SOURCE
-- 108498
Original cataloging agency VIVEKANANDA LIBRARY
041 ## - Language
-- English
082 ## - DDC NUMBER
Classification number 070.102434 S64J
100 ## - MAIN ENTRY--PERSONAL NAME
Personal name Singh, Shrikant
245 #0 - TITLE STATEMENT
Title Janmadhyam kanoon avam utardaitva
260 ## - PUBLICATION, DISTRIBUTION, ETC. (IMPRINT)
Place of publication, distribution, etc New Delhi
Name of publisher, distributor, etc Sataym Publishing House
Date of publication, distribution, etc 2003
300 ## - PHYSICAL DESCRIPTION
Pages 218 p.
942 ## - ADDED ENTRY ELEMENTS (KOHA)
Koha item type Books
Holdings
Withdrawn status Lost status Damaged status Not for loan Location (home branch) Sublocation or collection (holding branch) Date acquired Koha issues (times borrowed) Koha full call number Accession No. Koha date last seen Koha item type
        VIVEKANANDA LIBRARY VIVEKANANDA LIBRARY 04/08/2005 1 070.102434 S64J 219352 14/10/2023 Books
        VIVEKANANDA LIBRARY VIVEKANANDA LIBRARY 04/08/2005 1 070.102434 S64J 219611 27/10/2023 Books
        VIVEKANANDA LIBRARY VIVEKANANDA LIBRARY 04/08/2005   070.102434 S64J 219841 17/09/2023 Books
        VIVEKANANDA LIBRARY VIVEKANANDA LIBRARY 04/08/2005   070.102434 S64J 219842 17/09/2023 Books
© Designed and Maintained by Vivekananda Library, MDU Rohtak